| 000 | 00000nam##2200000za#4500 |
| 001 | 9.680435 |
| 003 | CaOODSP |
| 005 | 20200421163639 |
| 007 | ta |
| 008 | 150407|1997||||xxc||||| f|0| 0 fre|d |
| 020 | |a0-662-82896-8 |
| 040 | |aCaOODSP|bfre |
| 043 | |an-cn--- |
| 086 | 1 |aNH15-210/1997F |
| 110 | 2 |aSociété canadienne d'hypothèques et de logement. |
| 245 | 10|aObstacles posés par la réglementation à la réutilisation de l'eau locale / |cPréparé par l'Association canadienne des eaux potables et usées. |
| 260 | |bSociété canadienne d'hypothèques et de logement |c1997. |
| 300 | |aiii, 53p. en pagination multiple. : |bréférences, tableaux ; |c28 cm. |
| 500 | |a«Le présent rapport est le fruit d'une enquête sur les obstacles posés par la réglementation à la mise en oeuvre de programmes de réutilisation de l'eau locale au Canada. Les auteurs se sont penchés sur la réglementation en matière de santé et d'environnement, ainsi que sur les codes de plomberie et du bâtiment, et les règlements municipaux. Ces obstacles sont décrits au niveau national et par province ou territoire, avec quelques exemples municipaux à l'appui. Le rapport conclut qu'il n'existe pas d'obstacle absolu à la réutilisation de l'eau locale au Canada. On y discute aussi des conséquences des obstacles perçus.»--Résumé. |
| 520 | 3 |aLe présent rapport est le fruit d'une enquête sur les obstacles posés par la réglementation à la mise en oeuvre de programmes de réutilisation de l'eau locale au Canada. Les auteurs se sont penchés sur la réglementation en matière de santé et d'environnement, ainsi que sur les codes de plomberie et du bâtiment, et les règlements municipaux. Ces obstacles sont décrits au niveau national et par province ou territoire, avec quelques exemples municipaux à l'appui. Le rapport conclut qu'il n'existe pas d'obstacle absolu à la réutilisation de l'eau locale au Canada. On y discute aussi des conséquences des obstacles perçus.--Résumé |
| 563 | |aCouverture souple |
| 590 | |a98-17|b1998-04-24 |
| 691 | 07|aGestion de l'eau|2gcpds |
| 775 | 08|tRegulatory barriers to on-site water reuse / |w(CaOODSP)9.646945 |
| 776 | 0#|tObstacles posés par la réglementation à la réutilisation de l'eau locale |w(CaOODSP)9.846904 |